[Event "Budapest SixDays 05 IM"]
[Site "Budapest"]
[Date "2023.05.29"]
[Round "5"]
[White "Horvath, David G"]
[Black "Manu David, Suthandram R"]
[Result "1-0"]
[WhiteElo "2362"]
[BlackElo "2332"]
[PlyCount "85"]
[EventDate "2023.05.27"]
[EventType "tourn"]
[EventRounds "9"]
[EventCountry "HUN"]
[SourceTitle "CBM 214 Extra"]
[Source "ChessBase"]
[SourceDate "2023.07.31"]
[SourceVersion "1"]
[SourceVersionDate "2023.07.31"]
[SourceQuality "1"]

1. Nf3 Nf6 2. c4 e6 3. Nc3 d5 4. d4 c5 5. cxd5 exd5 6. g3 Nc6 7. Bg2 Bg4 8. Bg5 Be6 9. 0-0 cxd4 10. Nxd4 Be7 11. Qa4 Qb6 12. Nxc6 bxc6 13. Bxf6 Bxf6 14. Nxd5 Bxd5 15. Bxd5 0-0 16. Bxc6 Rad8 17. Rad1 Bxb2 18. Bd5 Kh8 19. Rd3 f5 20. e3 Qc5 21. Rfd1 g5 22. Bf3 Rxd3 23. Rxd3 f4 24. exf4 gxf4 25. Qe4 fxg3 26. hxg3 Qf5 27. Qe2 Qe5 28. Re3 Qf6 29. Kg2 Bd4 30. Re4 Bb6 31. a4 Bc5 32. Re5 Bd4 33. Re7 Rf7 34. Re6 Qf5 35. Rd6 Bb6 36. Rd5 Qf6 37. a5 Bd4 38. Qe8+ Rf8 39. Qe4 Rd8 40. Rf5 Qg7 41. Qf4 h6 42. Be4 Re8 43. Rf7 1-0

[Event "Helsingor Kronborg"]
[Site "Helsingor"]
[Date "2023.05.20"]
[Round "8"]
[White "Thorfinnsson, Bjorn"]
[Black "Manu David, Suthandram R"]
[Result "1-0"]
[WhiteElo "2364"]
[BlackElo "2332"]
[PlyCount "65"]
[EventDate "2023.05.17"]
[EventType "tourn"]
[EventRounds "9"]
[EventCountry "DEN"]
[EventCategory "7"]
[SourceTitle "EXT 2024"]
[Source "ChessBase"]
[SourceDate "2023.10.10"]
[SourceVersion "1"]
[SourceVersionDate "2023.10.10"]
[SourceQuality "1"]

1. d4 d6 2. Nf3 g6 3. Bg5 Bg7 4. e3 Nf6 5. Bd3 0-0 6. Nbd2 c6 7. c3 a5 8. Qc2 b6 9. h4 Nbd7 10. h5 Nxh5 11. Rxh5 gxh5 12. Bxh7+ Kh8 13. 0-0-0 Nf6 14. Bd3 Ng4 15. Rh1 Bh6 16. Rxh5 Kg7 17. Nh2 Rh8 18. Nxg4 Bxg4 19. Bxh6+ Rxh6 20. Rg5+ Kf8 21. Rxg4 Rh1+ 22. Nf1 Qd7 23. f3 e6 24. Qf2 Ke7 25. f4 Qe8 26. f5 Qh8 27. Qf3 Rc8 28. Kc2 d5 29. fxe6 fxe6 30. Qg3 Rh6 31. Rg7+ Kf8 32. Rb7 Qf6 33. Nd2 1-0

[Event "Helsingor Kronborg"]
[Site "Helsingor"]
[Date "2023.05.18"]
[Round "4"]
[White "Blomqvist, Erik"]
[Black "Manu David, Suthandram R"]
[Result "1-0"]
[WhiteElo "2521"]
[BlackElo "2332"]
[PlyCount "45"]
[EventDate "2023.05.17"]
[EventType "tourn"]
[EventRounds "9"]
[EventCountry "DEN"]
[EventCategory "7"]
[SourceTitle "EXT 2024"]
[Source "ChessBase"]
[SourceDate "2023.10.10"]
[SourceVersion "1"]
[SourceVersionDate "2023.10.10"]
[SourceQuality "1"]

1. e4 c5 2. Nf3 Nc6 3. Bb5 e6 4. 0-0 d5 5. exd5 exd5 6. Re1+ Be7 7. Ne5 Bd7 8. Bxc6 bxc6 9. d4 cxd4 10. Qh5 g6 11. Nxg6 fxg6 12. Qe5 Kf7 13. Qxh8 Bf6 14. Qxh7+ Bg7 15. Nd2 Bg4 16. Nf3 Bxf3 17. gxf3 Qd7 18. Bg5 Nf6 19. Qh4 c5 20. Re5 Rf8 21. Bxf6 Bxf6 22. Qh7+ Bg7 23. Rae1 1-0

[Event "Helsingor Kronborg"]
[Site "Helsingor"]
[Date "2023.05.17"]
[Round "1"]
[White "Pajeken, Jakob Leon"]
[Black "Manu David, Suthandram R"]
[Result "1/2-1/2"]
[WhiteElo "2417"]
[BlackElo "2332"]
[PlyCount "67"]
[EventDate "2023.05.17"]
[EventType "tourn"]
[EventRounds "9"]
[EventCountry "DEN"]
[EventCategory "7"]
[SourceTitle "EXT 2024"]
[Source "ChessBase"]
[SourceDate "2023.10.10"]
[SourceVersion "1"]
[SourceVersionDate "2023.10.10"]
[SourceQuality "1"]

1. d4 Nf6 2. c4 e6 3. Nc3 d5 4. cxd5 exd5 5. Bg5 c6 6. e3 Be7 7. Bd3 h6 8. Bf4 Bd6 9. Nge2 0-0 10. 0-0 b6 11. f3 c5 12. Bxd6 Qxd6 13. dxc5 bxc5 14. e4 d4 15. Nb5 Qb6 16. b3 Nc6 17. Na3 Ne5 18. Nc4 Nxc4 19. Bxc4 Re8 20. Rc1 a5 21. Nf4 Bb7 22. Rf2 Rac8 23. Qe2 Nd7 24. Bb5 Re7 25. Bc4 Ree8 26. Bd5 Ba6 27. Qd2 Ne5 28. Bc4 Bxc4 29. bxc4 Qb4 30. Qc2 Qa3 31. Rd1 Qb4 32. Rc1 Qa3 33. Rd1 Qb4 34. Rc1 1/2-1/2

[Event "Budapest Vezerkepzo GM 02"]
[Site "Budapest"]
[Date "2022.03.01"]
[Round "7"]
[White "Manu David, Suthandram R"]
[Black "Varga, Zoltan"]
[Result "1/2-1/2"]
[WhiteElo "2376"]
[BlackElo "2390"]
[PlyCount "30"]
[EventDate "2022.02.22"]
[EventType "tourn"]
[EventRounds "9"]
[EventCountry "HUN"]
[EventCategory "6"]
[SourceTitle "EXT 2023"]
[Source "ChessBase"]
[SourceDate "2022.10.05"]
[SourceVersion "1"]
[SourceVersionDate "2022.10.05"]
[SourceQuality "1"]

1. c4 c6 2. Nc3 d5 3. cxd5 cxd5 4. d4 Nf6 5. Bf4 Nc6 6. e3 a6 7. Bd3 Bg4 8. Nge2 Bxe2 9. Qxe2 e6 10. 0-0 h6 11. Rad1 Bd6 12. Bxd6 Qxd6 13. Rfe1 0-0 14. Bb1 Rfd8 15. Rd2 Rac8 1/2-1/2

[Event "Budapest Vezerkepzo GM 02"]
[Site "Budapest"]
[Date "2022.02.26"]
[Round "5"]
[White "Milikow, Yoav"]
[Black "Manu David, Suthandram R"]
[Result "1-0"]
[WhiteElo "2313"]
[BlackElo "2376"]
[PlyCount "73"]
[EventDate "2022.02.22"]
[EventType "tourn"]
[EventRounds "9"]
[EventCountry "HUN"]
[EventCategory "6"]
[SourceTitle "EXT 2023"]
[Source "ChessBase"]
[SourceDate "2022.10.05"]
[SourceVersion "1"]
[SourceVersionDate "2022.10.05"]
[SourceQuality "1"]

1. d4 Nf6 2. c4 e6 3. Nc3 d5 4. cxd5 exd5 5. Bg5 Be7 6. e3 0-0 7. Bd3 h6 8. Bh4 c5 9. dxc5 Be6 10. Nge2 Nbd7 11. 0-0 Nxc5 12. Bc2 Qb6 13. Rb1 Rfd8 14. Nd4 Bg4 15. f3 Bc8 16. Bg3 Bd7 17. b4 Ne6 18. Nf5 Bf8 19. Be5 Nc7 20. Bd4 Qe6 21. Qe1 Nb5 22. Nxb5 Bxb5 23. Rf2 g6 24. a4 Bc4 25. g4 Rac8 26. Rg2 Nh7 27. f4 a5 28. bxa5 Ba6 29. Rb6 Qe8 30. Qh4 Rxc2 31. Rxc2 gxf5 32. gxf5 f6 33. Rg2+ Bg7 34. Rxf6 Rd7 35. Rfg6 Ng5 36. Qxh6 Nh3+ 37. Qxh3 1-0

[Event "Budapest Vezerkepzo GM 02"]
[Site "Budapest"]
[Date "2022.02.24"]
[Round "3"]
[White "Vanczak, Tamas"]
[Black "Manu David, Suthandram R"]
[Result "1-0"]
[WhiteElo "2365"]
[BlackElo "2376"]
[PlyCount "79"]
[EventDate "2022.02.22"]
[EventType "tourn"]
[EventRounds "9"]
[EventCountry "HUN"]
[EventCategory "6"]
[SourceTitle "EXT 2023"]
[Source "ChessBase"]
[SourceDate "2022.10.05"]
[SourceVersion "1"]
[SourceVersionDate "2022.10.05"]
[SourceQuality "1"]

1. d4 Nf6 2. Bf4 e6 3. e3 d5 4. Nd2 c5 5. Ngf3 Nc6 6. c3 Bd6 7. Bg3 a6 8. Bd3 Qe7 9. Ne5 Bxe5 10. dxe5 Nd7 11. f4 b6 12. 0-0 0-0 13. c4 Bb7 14. cxd5 exd5 15. Qg4 g6 16. Bh4 Qe6 17. Qe2 Qe8 18. Rae1 b5 19. Bg5 Kg7 20. Qg4 f6 21. exf6+ Nxf6 22. Qh4 Ng8 23. f5 Ne5 24. Bb1 Qc6 25. Nf3 Nf7 26. fxg6 hxg6 27. Bf4 Rae8 28. Qg3 Re6 29. Ne5 Qb6 30. Nd7 Qc6 31. Nxf8 Kxf8 32. b4 Ke8 33. bxc5 Ne7 34. Qh3 Kd7 35. Bb8 Nd8 36. Bd6 Nc8 37. Bxg6 Nxd6 38. cxd6 Kxd6 39. Qg3+ Ke7 40. Qg5+ 1-0

[Event "Budapest Vezerkepzo GM 02"]
[Site "Budapest"]
[Date "2022.02.23"]
[Round "2"]
[White "Manu David, Suthandram R"]
[Black "Gaal, Zsoka"]
[Result "1/2-1/2"]
[WhiteElo "2376"]
[BlackElo "2340"]
[PlyCount "77"]
[EventDate "2022.02.22"]
[EventType "tourn"]
[EventRounds "9"]
[EventCountry "HUN"]
[EventCategory "6"]
[SourceTitle "EXT 2023"]
[Source "ChessBase"]
[SourceDate "2022.10.05"]
[SourceVersion "1"]
[SourceVersionDate "2022.10.05"]
[SourceQuality "1"]

1. c4 c5 2. Nf3 Nc6 3. e3 Nf6 4. d4 cxd4 5. exd4 d5 6. Nc3 a6 7. Ne5 e6 8. Nxc6 bxc6 9. c5 e5 10. dxe5 Nd7 11. b4 Qh4 12. a3 Nxe5 13. Be3 Ra7 14. Qd4 Qxd4 15. Bxd4 f6 16. Be2 Kf7 17. 0-0 g6 18. a4 Rc7 19. h3 Bb7 20. f4 Nd7 21. Rac1 Be7 22. Bg4 Rb8 23. f5 g5 24. Rfe1 a5 25. Na2 axb4 26. Nxb4 Ra8 27. Bd1 Ra5 28. Nd3 Ba6 29. Bc3 Bxc5+ 30. Kh1 Bxd3 31. Bxa5 Rb7 32. Re6 Be4 33. Rxc6 Rb2 34. Bh5+ Kg7 35. R6xc5 Rxg2 36. Rc7 Rg4+ 37. Kh2 Rg2+ 38. Kh1 Rg3+ 39. Kh2 1/2-1/2

[Event "Budapest FS02 IM"]
[Site "Budapest"]
[Date "2022.02.15"]
[Round "9"]
[White "Milikow, Elie"]
[Black "Manu David, Suthandram R"]
[Result "0-1"]
[WhiteElo "2164"]
[BlackElo "2376"]
[PlyCount "92"]
[EventDate "2022.02.05"]
[EventType "tourn"]
[EventRounds "9"]
[EventCountry "HUN"]
[EventCategory "1"]
[SourceTitle "CBM 206 Extra"]
[Source "ChessBase"]
[SourceDate "2022.03.31"]
[SourceVersion "1"]
[SourceVersionDate "2022.03.31"]
[SourceQuality "1"]

1. e4 c5 2. Nf3 Nc6 3. Bb5 e6 4. 0-0 Nge7 5. Re1 a6 6. Bf1 Ng6 7. c3 Be7 8. d4 cxd4 9. cxd4 d6 10. Nc3 0-0 11. Be3 d5 12. exd5 exd5 13. Rc1 Be6 14. Na4 Bb4 15. Re2 Bg4 16. Rec2 Nh4 17. Be2 Nf5 18. Nc5 Nxe3 19. fxe3 Qe7 20. Qd3 g6 21. Qb3 Bf5 22. Nxa6 Bxc2 23. Rxc2 Rxa6 24. Bxa6 Na5 25. Qa4 bxa6 26. a3 Qxe3+ 27. Kf1 Nb3 28. Re2 Qc1+ 29. Kf2 Nxd4 30. Nxd4 Qf4+ 31. Kg1 Qxd4+ 32. Kh1 Bc5 33. Qxd4 Bxd4 34. Rd2 Re8 35. g3 Re4 36. b4 Kf8 37. Rc2 Re3 38. a4 Rb3 39. Rc6 Rxb4 40. Rxa6 Rb1+ 41. Kg2 Rb2+ 42. Kh3 Bg1 43. Rd6 h5 44. Kh4 Rxh2+ 45. Kg5 Be3+ 46. Kf6 Rf2+ 0-1

[Event "Budapest Vezerkepzo IM Winter"]
[Site "Budapest"]
[Date "2022.01.29"]
[Round "5"]
[White "Manu David, Suthandram R"]
[Black "Rajarishi, Karthi"]
[Result "1-0"]
[WhiteElo "2368"]
[BlackElo "2230"]
[PlyCount "85"]
[EventDate "2022.01.25"]
[EventType "tourn"]
[EventRounds "9"]
[EventCountry "HUN"]
[SourceTitle "CBM 206 Extra"]
[Source "ChessBase"]
[SourceDate "2022.03.31"]
[SourceVersion "1"]
[SourceVersionDate "2022.03.31"]
[SourceQuality "1"]

1. c4 e6 2. g3 d5 3. cxd5 exd5 4. Bg2 Nf6 5. Nf3 Bd6 6. 0-0 0-0 7. d4 c6 8. Nc3 Bf5 9. Nh4 Be6 10. Qc2 Qd7 11. Rd1 h6 12. a3 g5 13. Nf3 Bf5 14. Qb3 Kg7 15. h4 g4 16. Ne5 Qc7 17. e4 dxe4 18. Nc4 Be6 19. d5 cxd5 20. Nxd6 Qxd6 21. Nxe4 Nxe4 22. Bxe4 Qe5 23. Bg2 Nc6 24. Bf4 Qf6 25. Rac1 Rac8 26. Qxb7 Nd4 27. Qa6 Rxc1 28. Rxc1 Qf5 29. Rc3 Rc8 30. Rxc8 Bxc8 31. Qxh6+ Kg8 32. Qg5+ Qxg5 33. Bxg5 Nf3+ 34. Bxf3 gxf3 35. Be3 a6 36. Kf1 Kg7 37. Ke1 Kf6 38. Bd4+ Kf5 39. Kd2 Bd7 40. Ke3 Kg4 41. Bg7 a5 42. b4 axb4 43. axb4 1-0

[Event "Roquetas de Mar op 33rd"]
[Site "Roquetas de Mar"]
[Date "2022.01.08"]
[Round "7"]
[White "Borges, Guilherme Deola"]
[Black "Manu David, Suthandram R"]
[Result "1/2-1/2"]
[WhiteElo "2159"]
[BlackElo "2368"]
[PlyCount "62"]
[EventDate "2022.01.04"]
[EventType "swiss"]
[EventRounds "9"]
[EventCountry "ESP"]
[SourceTitle "EXT 2023"]
[Source "ChessBase"]
[SourceDate "2022.10.05"]
[SourceVersion "1"]
[SourceVersionDate "2022.10.05"]
[SourceQuality "1"]

1. d4 Nf6 2. c4 e6 3. Nc3 d5 4. Nf3 c5 5. cxd5 exd5 6. g3 Nc6 7. Bg2 h6 8. 0-0 Be7 9. b3 0-0 10. Bb2 Re8 11. dxc5 Bxc5 12. Nb5 Bb6 13. Nbd4 Ne4 14. Rc1 Bd7 15. e3 Qe7 16. Nxc6 Bxc6 17. Nd4 Bd7 18. Qd3 Rac8 19. Rxc8 Rxc8 20. Ne2 Bc6 21. Bd4 Qa3 22. Bxb6 axb6 23. Nf4 Qa5 24. Qd4 Qc5 25. Qe5 Re8 26. Qb2 Qc3 27. Rb1 b5 28. Bxe4 Qxb2 29. Rxb2 dxe4 30. Ne2 Kf8 31. Nd4 Ke7 1/2-1/2

[Event "Roquetas de Mar op 33rd"]
[Site "Roquetas de Mar"]
[Date "2022.01.07"]
[Round "6"]
[White "Manu David, Suthandram R"]
[Black "Garriga Cazorla, Pere"]
[Result "1/2-1/2"]
[WhiteElo "2368"]
[BlackElo "2489"]
[PlyCount "105"]
[EventDate "2022.01.04"]
[EventType "swiss"]
[EventRounds "9"]
[EventCountry "ESP"]
[SourceTitle "EXT 2023"]
[Source "ChessBase"]
[SourceDate "2022.10.05"]
[SourceVersion "1"]
[SourceVersionDate "2022.10.05"]
[SourceQuality "1"]

1. c4 Nf6 2. Nf3 g6 3. Nc3 Bg7 4. d4 0-0 5. e3 c5 6. Be2 cxd4 7. exd4 d5 8. 0-0 dxc4 9. Bxc4 Nc6 10. d5 Na5 11. Be2 Bg4 12. Qa4 Rc8 13. Rd1 a6 14. h3 Bxf3 15. Bxf3 b5 16. Qf4 Nc4 17. Be2 Qa5 18. a3 Rfd8 19. Ra2 Qb6 20. Bf3 a5 21. b3 Nd6 22. Be3 Qb7 23. Ne2 Nf5 24. Rad2 Rd6 25. g4 Nxe3 26. Qxe3 Rcd8 27. b4 axb4 28. axb4 h6 29. Rd3 Rc8 30. Rc3 Rc4 31. Rxc4 bxc4 32. Qc5 c3 33. Nxc3 Nd7 34. Qe3 Qxb4 35. Ne4 Ra6 36. Bg2 Kh7 37. Qf4 Qb3 38. Qf3 Qc2 39. Bf1 Ra4 40. Qd3 Qb2 41. Bg2 Ne5 42. Qd2 Qa3 43. Qe2 Rb4 44. d6 exd6 45. Nxd6 Rf4 46. Ne4 Nf3+ 47. Bxf3 Rxf3 48. Ng3 Rf6 49. Rd3 Qa8 50. Qe4 Qa7 51. Rf3 Qa1+ 52. Kg2 Rxf3 53. Qxf3 1/2-1/2

[Event "Sitges Sunway op 8th"]
[Site "Sitges"]
[Date "2021.12.16"]
[Round "4"]
[White "Manu David, Suthandram R"]
[Black "Stefanova, Antoaneta"]
[Result "1/2-1/2"]
[WhiteElo "2360"]
[BlackElo "2469"]
[PlyCount "83"]
[EventDate "2021.12.13"]
[EventType "swiss"]
[EventRounds "10"]
[EventCountry "ESP"]
[SourceTitle "CBM 205 Extra"]
[Source "ChessBase"]
[SourceDate "2022.01.31"]
[SourceVersion "1"]
[SourceVersionDate "2022.01.31"]
[SourceQuality "1"]

1. e4 e5 2. Nf3 Nc6 3. Bc4 Bc5 4. 0-0 Nf6 5. d4 Bxd4 6. Nxd4 Nxd4 7. f4 d6 8. fxe5 dxe5 9. Bg5 Qe7 10. Na3 Bd7 11. Kh1 h5 12. Qe1 Ne6 13. Bxf6 gxf6 14. Qh4 Rh6 15. Bd5 0-0-0 16. Nc4 Nf4 17. Ne3 Rg8 18. Rad1 Rhg6 19. Rd2 c6 20. Bb3 Qb4 21. c3 Qc5 22. Qf2 R6g7 23. Rfd1 Be6 24. g3 Nh3 25. Qxf6 Ng5 26. Nf5 Nxe4 27. Bxe6+ Kc7 28. Rd7+ Kb6 29. Qe7 Qxe7 30. Nxe7 Nf2+ 31. Kg1 Nxd1 32. Nxg8 Rxg8 33. Bxf7 Rg7 34. Rxd1 Rxf7 35. Rd6 a5 36. Kg2 Kc5 37. Rd3 Kc4 38. Re3 Kd5 39. Rf3 Rh7 40. Kf2 Ke4 41. Ke2 a4 42. h3 1/2-1/2

[Event "Benidorm op-A"]
[Site "Benidorm"]
[Date "2021.12.11"]
[Round "8"]
[White "Gonzalez Guedes, Iyan"]
[Black "Manu David, Suthandram R"]
[Result "1/2-1/2"]
[WhiteElo "2227"]
[BlackElo "2360"]
[PlyCount "86"]
[EventDate "2021.12.04"]
[EventType "swiss"]
[EventRounds "9"]
[EventCountry "ESP"]
[SourceTitle "CBM 205 Extra"]
[Source "ChessBase"]
[SourceDate "2022.01.31"]
[SourceVersion "1"]
[SourceVersionDate "2022.01.31"]
[SourceQuality "1"]

1. e4 c5 2. c3 d5 3. exd5 Qxd5 4. d4 Nf6 5. Nf3 Bg4 6. Be2 Nc6 7. 0-0 cxd4 8. cxd4 0-0-0 9. Qa4 e6 10. h3 Bh5 11. Bf4 Qf5 12. Be5 Kd7 13. Qb3 Kc8 14. Bd3 Ne4 15. Nfd2 Nc5 16. Bxf5 Nxb3 17. Bxe6+ fxe6 18. Nxb3 Bd6 19. f4 Bxe5 20. dxe5 g5 21. fxg5 Rdg8 22. N1d2 Rxg5 23. Nf3 Bxf3 24. Rxf3 Nxe5 25. Re3 Rhg8 26. Rc1+ Kb8 27. Rc2 Ng6 28. Rf3 e5 29. Kf1 Nh4 30. Rff2 Nf5 31. Kg1 e4 32. Rce2 e3 33. Rf4 Re8 34. Rf3 a5 35. g4 Re5 36. Kh2 Nd6 37. Rfxe3 Rxe3 38. Rxe3 h5 39. Kg3 hxg4 40. hxg4 Nf5+ 41. Kf4 Nd6 42. Kg3 Rb5 43. Re2 Nc4 1/2-1/2

[Event "Titled Tuesday intern op 27th Oct"]
[Site "Chess.com INT"]
[Date "2020.10.27"]
[Round "3"]
[White "Manu David, Suthandram R"]
[Black "Nitin, Senthilvel"]
[Result "1/2-1/2"]
[WhiteElo "2360"]
[BlackElo "2381"]
[PlyCount "114"]
[EventDate "2020.10.27"]
[EventType "swiss (blitz)"]
[EventRounds "11"]
[EventCountry "USA"]
[SourceTitle "CBM 199 Extra"]
[Source "ChessBase"]
[SourceDate "2021.01.31"]
[SourceVersion "1"]
[SourceVersionDate "2021.01.31"]
[SourceQuality "1"]

1. e4 c5 2. Nf3 e6 3. Nc3 a6 4. g3 b5 5. Bg2 Bb7 6. d3 b4 7. Ne2 d5 8. exd5 Bxd5 9. Nf4 Bb7 10. 0-0 Nf6 11. Re1 Be7 12. Ng5 Bxg2 13. Nfxe6 fxe6 14. Nxe6 Qd7 15. Kxg2 Kf7 16. Bf4 Nc6 17. c3 Rhc8 18. Kg1 Kg8 19. Rc1 a5 20. Qf3 Qd5 21. Qe3 Qh5 22. Ng5 h6 23. Qe6+ Kh8 24. Nf7+ Kh7 25. Ne5 Re8 26. Qxc6 Rad8 27. Rcd1 Bd6 28. d4 Bxe5 29. Bxe5 Ng4 30. Qe4+ Kg8 31. h3 Nxe5 32. g4 Qg6 33. Qxg6 Nxg6 34. Rxe8+ Rxe8 35. dxc5 bxc3 36. bxc3 Re5 37. Rd6 Kh7 38. Rc6 Nf4 39. Rc7 Nd5 40. Ra7 Nxc3 41. Rxa5 Ne4 42. a4 Rxc5 43. Rxc5 Nxc5 44. a5 g5 45. Kg2 Kg6 46. Kf3 Kf6 47. Kg3 Ke5 48. h4 Ke4 49. hxg5 hxg5 50. Kg2 Na6 51. Kg3 Nb4 52. f3+ Ke3 53. Kg2 Na6 54. Kg3 Nc5 55. Kg2 Na6 56. Kg3 Nb4 57. Kg2 Na6 1/2-1/2